Moderní člověk a mravnost
| Hlavní autor: | Krejčí, František, 1858-1934 |
|---|---|
| Jazyk: | Čeština |
| Vydáno: |
Praha, 1921 |
|
| LEADER | 00510nam a22001812a 4500 | ||
|---|---|---|---|
| 001 | 000237413 | ||
| 003 | CZ BrMZK | ||
| 005 | 19961101143423.0 | ||
| 007 | ta | ||
| 008 | 950101s1921 xr f cze d | ||
| 040 | |a BOA001 |b cze | ||
| 100 | 1 | |a Krejčí, František, |d 1858-1934 |7 jk01063184 | |
| 245 | 1 | 0 | |a Moderní člověk a mravnost |
| 260 | |a Praha, |c 1921 | ||
| 910 | |a BOA001 |b 1-0047.349 | ||
| 990 | |a BK | ||
| 993 | |a Y | ||
| 996 | 7 | |b 2619899989 |c 1-0047.349 |l MZK |r Sklad / do 1 hodiny |n 13 |w 000237413 |u 000010 |a 1 |e BOA001 |j MZK50 |s A | |
English
Čeština 